|
|
|
|
| LEADER |
01414nam a2200373 a 4500 |
| 001 |
7278 |
| 003 |
BD-DhAAL |
| 005 |
20190515100352.0 |
| 008 |
151025s2007 enka b 000 0 eng |
| 999 |
|
|
|c 35887
|d 35887
|
| 010 |
|
|
|a 2006026022
|
| 015 |
|
|
|a GBA699966
|2 bnb
|
| 016 |
7 |
|
|a 013612568
|2 Uk
|
| 020 |
|
|
|a 9846431376
|
| 035 |
|
|
|a (OCoLC)76850839
|
| 040 |
|
|
|a DLC
|c DLC
|d BAKER
|d RIU
|d YDXCP
|d BWKUK
|d UKM
|d BTCTA
|d MYG
|d BD-DhAAL
|
| 050 |
0 |
0 |
|a PR3403.A2.K49 2007
|
| 082 |
0 |
0 |
|a 823.5
|2 22
|
| 100 |
1 |
|
|a Defoe, Daniel,
|d 1661?-1731.
|9 15669
|
| 245 |
1 |
0 |
|a Robinson Crusoe /
|c Daniel Defoe ; edited with an introduction by Thomas Keymer and notes by Thomas Keymer and James Kelly.
|
| 250 |
|
|
|a 2nd ed.
|
| 260 |
|
|
|a Oxford ;
|a Friends' Book ;
|a New York :
|b Oxford University Press,
|c 2008.
|
| 300 |
|
|
|a xciv, 305 p. :
|b ill. ;
|c 18 cm.
|
| 490 |
1 |
|
|a Friends' classics
|
| 504 |
|
|
|a Includes bibliographical references (p. [xlii]-xlvi).
|
| 541 |
|
|
|e 7278
|
| 650 |
|
0 |
|a Crusoe, Robinson (Fictitious character)
|v Fiction.
|9 15670
|
| 650 |
|
0 |
|a Survival
|v Fiction.
|9 15671
|
| 650 |
|
0 |
|a Castaways
|v Fiction.
|9 15672
|
| 650 |
|
0 |
|a Islands
|v Fiction.
|9 6277
|
| 700 |
1 |
|
|a Keymer, Tom.
|9 15674
|
| 700 |
1 |
|
|a Kelly, James William.
|9 15675
|
| 942 |
|
|
|2 ddc
|c BK
|
| 952 |
|
|
|0 0
|1 0
|2 ddc
|4 0
|6 823_000000000000000__5_DEF
|7 0
|9 56417
|a SCL
|b SCL
|c GEN
|d 2015-10-25
|g 70.00
|l 11
|m 52
|o 823.5 DEF
|p 3020007278
|r 2020-03-10
|s 2020-02-11
|t 1
|w 2015-10-25
|y BK
|